[Event "FRA-ch op-B"]
[Site "Nimes"]
[Date "2018.08.18"]
[Round "2"]
[White "Boes, Remi"]
[Black "Canonge, Jerome"]
[Result "1-0"]
[WhiteElo "1946"]
[BlackElo "1873"]
[PlyCount "57"]
[EventDate "2018.08.18"]
[EventType "swiss"]
[EventRounds "9"]
[EventCountry "FRA"]
[SourceTitle "CBM 186 Extra"]
[Source "ChessBase"]
[SourceDate "2018.08.24"]
[SourceVersion "1"]
[SourceVersionDate "2018.08.24"]
[SourceQuality "1"]

1. d4 d5 2. Nf3 Nc6 3. c4 Bg4 4. Nc3 Bxf3 5. gxf3 e5 6. cxd5 exd4 7. dxc6 dxc3 8. Qb3 bxc6 9. Qxc3 Qf6 10. Qxf6 Nxf6 11. e4 Bb4+ 12. Ke2 0-0 13. Rg1 Rfe8 14. Be3 Rad8 15. Rc1 Rd6 16. Bh3 Nh5 17. a3 Ba5 18. Rc5 Bb6 19. Rxh5 Bxe3 20. Kxe3 Red8 21. Bf1 Rd2 22. b3 Rd1 23. Rhg5 g6 24. Bc4 R1d2 25. h4 Kg7 26. Rc5 Rc2 27. Rxc6 Rc3+ 28. Kf4 Rd2 29. Rg2 1-0

[Event "FRA-ch op-B"]
[Site "Nimes"]
[Date "2018.08.18"]
[Round "3"]
[White "Sabatier, Mathis"]
[Black "Boes, Remi"]
[Result "1-0"]
[WhiteElo "1904"]
[BlackElo "1946"]
[PlyCount "73"]
[EventDate "2018.08.18"]
[EventType "swiss"]
[EventRounds "9"]
[EventCountry "FRA"]
[SourceTitle "CBM 186 Extra"]
[Source "ChessBase"]
[SourceDate "2018.08.24"]
[SourceVersion "1"]
[SourceVersionDate "2018.08.24"]
[SourceQuality "1"]

1. Nf3 c5 2. g3 g6 3. Bg2 Bg7 4. c4 Nc6 5. Nc3 d6 6. 0-0 e5 7. d3 Nge7 8. Ne1 0-0 9. Nc2 Rb8 10. Ne3 Be6 11. Ned5 Bxd5 12. Nxd5 Nxd5 13. cxd5 Nd4 14. e3 Nf5 15. Bd2 b5 16. e4 Nd4 17. f4 exf4 18. gxf4 f5 19. Rc1 Qb6 20. Kh1 a5 21. Bc3 Rbe8 22. Bxd4 Bxd4 23. Qc2 fxe4 24. Bxe4 Be3 25. Rce1 Rxf4 26. Qg2 Rxf1+ 27. Rxf1 g5 28. Qh3 Rxe4 29. dxe4 Bf4 30. Qe6+ Kg7 31. Qe7+ Kg8 32. Rf3 h5 33. Qe8+ Kg7 34. Qxh5 c4 35. Rh3 Qd8 36. Qh7+ Kf6 37. Qf5+ 1-0